000
00329nam a2200133Ia 4500
005
20251222143203.0
008
251222s9999||||xx |||||||||||||| ||spa||
020
_a
9972-623-11-4
082
_a
332.985/C28
100
_a
Carranza, Víctor
245
0
_a
Globalización y Crisis Social en el Perú
264
_b
IFEA
942
_c
LIB
999
_c
13154
_d
13154